000 00447nam a22001817a 4500
040 _aISFD N° 12
082 _a820.3
_bMil
100 _aMiller Arthur
240 _aTodos eran mis hijos
245 _aTodos eran mis hijos
260 _aBuenos Aires
_bLosada
_c2000
300 _a117p.
650 _aDrama-Literatura
942 _2ddc
_cLIB
999 _c7017
_d7017